01670fam a2200277 a 45000010005000000030008000050050017000130080041000300200015000710200022000860350018001080350023001260350017001490400041001660410008002070820022002151000021002372450084002582500012003422600054003543000057004085040064004655050817005296500018013467000028013642256BD-RjUL20211208233519.0131210t20052004ii ab b 001 0 eng d a8120328205 a0136020879 (pbk.) a(BD-RjUL)2283 a(OCoLC)ocm37132455 a(NNC)2108077 aDLCcDLCdDLCdOrLoB-BdBD-RjULbeng aeng00a301221bSCA 20051 aScupin, Raymond.10aAnthropology :ba global perspective /cRaymond Scupin, Christopher R. Decorse. a5th ed. aUpper Saddle River, N.J. :bPrentice Hall,c2005. axxv, 710 p. :bill. (some col.), col. maps ;c26 cm. aIncludes bibliographical references (p. 539-559) and index.00tBasic Concepts in Anthropology.tIntroduction to Anthropology.tEvolution.tThe Record of the Past --tPhysical Anthropology.tThe Primates.tHominid Evolution.tHuman Variation --tArchaeology.tPaleolithic Cultures.tThe Origins of Domestication and Settled Life.tThe Rise of the State and Complex Society --tBasic Concepts of Culture and Society.tCulture.tPsychological Anthropology.tLanguage.tAnthropological Explanations.tAnalyzing Sociocultural Systems --tPrestate Societies.tBand Societies.tTribes.tChiefdoms --tState Societies.tAgricultural States.tIndustrial States --tConsequences of Global Industrialism.tGlobal Industrialism and Native Peoples.tGlobal Industrialism and Non-Western Countries --tAnthropology and the Global Future.tContemporary Global Trends.tApplied Anthropology. 0aAnthropology.1 aDeCorse, Christopher R.